[Event "Copenhagen Chess Challenge 2"]
[Site "?"]
[Date "2015.04.30"]
[Round "3.10"]
[White "Tomaz, Tainan Pantano"]
[Black "Akdag, Dara Sevkan"]
[Result "1/2-1/2"]
[BlackElo "2184"]
[WhiteElo "2018"]
[LiveChessVersion "1.4.6"]

1. c4 {[%clk 1:27:50]} e5 {[%clk 1:30:39]} 2. Nc3 {[%clk 1:28:15]} Nc6
{[%clk 1:29:01]} 3. g3 {[%clk 1:28:26]} Nf6 {[%clk 1:28:46]} 4. Bg2
{[%clk 1:28:51]} Bc5 {[%clk 1:28:39]} 5. e3 {[%clk 1:26:16]} a6 {[%clk 1:26:19]}
6. a3 {[%clk 1:22:22]} O-O {[%clk 1:25:24]} 7. b4 {[%clk 1:21:56]} Ba7
{[%clk 1:25:01]} 8. Nge2 {[%clk 1:22:01]} d6 {[%clk 1:24:32]} 9. d3
{[%clk 1:21:56]} Bg4 {[%clk 1:20:57]} 10. Bd2 {[%clk 1:11:08]} Qd7
{[%clk 1:15:01]} 11. h3 {[%clk 1:09:20]} Bf5 {[%clk 1:14:13]} 12. Qc2
{[%clk 1:08:45]} Nd8 {[%clk 1:13:09]} 13. g4 {[%clk 1:07:37]} Bg6
{[%clk 0:55:39]} 14. Ng3 {[%clk 0:58:38]} c6 {[%clk 0:51:17]} 15. O-O
{[%clk 0:41:35]} h5 {[%clk 0:47:38]} 16. gxh5 {[%clk 0:35:52]} Nxh5
{[%clk 0:46:57]} 17. Kh2 {[%clk 0:35:22]} Rc8 {[%clk 0:41:59]} 18. Nce2
{[%clk 0:31:40]} d5 {[%clk 0:38:22]} 19. c5 {[%clk 0:25:43]} Bb8 {[%clk 0:36:58]}
20. e4 {[%clk 0:19:42]} Nf4 {[%clk 0:35:49]} 21. Rad1 {[%clk 0:16:23]} Nde6
{[%clk 0:33:23]} 22. f3 {[%clk 0:12:58]} f6 {[%clk 0:23:16]} 23. Bxf4
{[%clk 0:10:13]} exf4 {[%clk 0:21:35]} 24. Nf5 {[%clk 0:10:28]} Rfe8
{[%clk 0:15:26]} 25. h4 {[%clk 0:07:39]} Bxf5 {[%clk 0:10:10]} 26. exf5
{[%clk 0:08:05]} Nd8 {[%clk 0:10:07]} 27. Bh3 {[%clk 0:08:04]} Re3
{[%clk 0:07:42]} 28. Nd4 {[%clk 0:07:47]} Qf7 {[%clk 0:05:46]} 29. Rg1
{[%clk 0:07:42]} Rc7 {[%clk 0:05:32]} 30. Qg2 {[%clk 0:07:20]} Rce7
{[%clk 0:05:48]} 31. Rd2 {[%clk 0:05:56]} Be5 {[%clk 0:05:49]} 32. Ne6
{[%clk 0:05:02]} Nxe6 {[%clk 0:05:54]} 33. fxe6 {[%clk 0:05:28]} Qh5
{[%clk 0:06:12]} 34. d4 {[%clk 0:05:28]} Bc7 {[%clk 0:06:19]} 35. Qg4
{[%clk 0:05:19]} Qxg4 36. Bxg4 {[%clk 0:04:48]} f5 {[%clk 0:04:10]} 37. Bxf5
{[%clk 0:05:08]} Rxf3 {[%clk 0:04:35]} 38. a4 {[%clk 0:02:04]} Rb3
{[%clk 0:04:27]} 39. Rf1 {[%clk 0:01:14]} Rxb4 {[%clk 0:04:06]} 40. Rd3
{[%clk 0:00:45]} Rxa4 {[%clk 0:04:08]} 41. Kh3 {[%clk 0:00:56]} Rb4
{[%clk 0:03:55]} 42. Kg4 {[%clk 0:00:59]} Rb2 {[%clk 0:04:13]} 43. Rg1
{[%clk 0:01:06]} Re2 {[%clk 0:03:38]} 44. Rb3 {[%clk 0:01:03]} g6
{[%clk 0:02:40]} 45. Bxg6 {[%clk 0:00:48]} R2xe6 {[%clk 0:02:37]} 46. Kf5
{[%clk 0:00:49]} Bd8 {[%clk 0:02:08]} 47. Rxb7 {[%clk 0:00:37]} Rxb7
{[%clk 0:01:40]} 48. Kxe6 {[%clk 0:01:06]} Kf8 {[%clk 0:01:06]} 49. h5
{[%clk 0:01:23]} Rb2 {[%clk 0:00:56]} 50. Rf1 {[%clk 0:01:00]} Bg5
{[%clk 0:01:09]} 51. Kf5 {[%clk 0:01:08]} Bh6 {[%clk 0:01:37]} 52. Re1
{[%clk 0:01:11]} Rb8 {[%clk 0:02:06]} 53. Ke6 {[%clk 0:01:03]} f3
{[%clk 0:01:26]} 54. Rf1 {[%clk 0:01:18]} Rb3 {[%clk 0:01:55]} 55. Kd6
{[%clk 0:01:36]} Bf4+ {[%clk 0:01:26]} 56. Kxc6 {[%clk 0:01:59]} Bg3
{[%clk 0:01:54]} 57. Kxd5 {[%clk 0:01:49]} Rc3 {[%clk 0:01:38]} 58. Ke4
{[%clk 0:01:10]} f2 {[%clk 0:02:00]} 59. h6 {[%clk 0:01:32]} a5 {[%clk 0:02:09]}
60. h7 {[%clk 0:01:09]} Kg7 {[%clk 0:02:38]} 61. Rh1 {[%clk 0:01:28]} Kh8
{[%clk 0:03:07]} 62. Be8 {[%clk 0:00:42]} Bh4 {[%clk 0:02:45]} 63. c6
{[%clk 0:00:43]} Bg3 {[%clk 0:02:35]} 64. Bd7 {[%clk 0:00:40]} a4
{[%clk 0:03:00]} 65. c7 {[%clk 0:01:02]} Rxc7 {[%clk 0:03:13]} 66. Bxa4
{[%clk 0:01:22]} Re7+ {[%clk 0:03:40]} 67. Kf3 {[%clk 0:00:44]} Re1
{[%clk 0:04:08]} 68. Kxg3 {[%clk 0:00:39]} Rxh1 {[%clk 0:04:04]} 69. Kxf2
{[%clk 0:01:04]} Rh4 {[%clk 0:04:18]} 70. Ke3 {[%clk 0:01:20]} Kxh7
{[%clk 0:04:42]} 71. Bc6 {[%clk 0:01:34]} Kg7 {[%clk 0:05:02]} 72. Kd3
{[%clk 0:01:47]} Kf6 {[%clk 0:05:19]} 73. Kc4 {[%clk 0:02:10]} Ke6
{[%clk 0:05:37]} 74. Kc5 {[%clk 0:02:28]} Rh5+ {[%clk 0:05:40]} 75. Kc4
{[%clk 0:02:07]} Kd6 {[%clk 0:06:01]} 76. Ba8 {[%clk 0:02:17]} Rh2
{[%clk 0:06:14]} 77. Be4 {[%clk 0:02:22]} Re2 {[%clk 0:06:12]} 78. Bf5
{[%clk 0:02:06]} Re1 {[%clk 0:06:25]} 79. Bh7 {[%clk 0:01:53]} Rc1+
{[%clk 0:06:24]} 80. Kd3 {[%clk 0:02:17]} Rc8 {[%clk 0:06:22]} 81. Be4
{[%clk 0:02:27]} Rc7 {[%clk 0:06:40]} 82. Bh1 {[%clk 0:02:29]} Rc1
{[%clk 0:06:27]} 83. Be4 {[%clk 0:02:21]} Kc7 {[%clk 0:06:55]} 84. Ba8
{[%clk 0:02:31]} Kb6 {[%clk 0:07:17]} 85. Bd5 {[%clk 0:02:04]} Kb5
{[%clk 0:07:35]} 86. Bg8 {[%clk 0:01:51]} Re1 {[%clk 0:07:39]} 87. Bf7
{[%clk 0:02:08]} Kb4 {[%clk 0:08:00]} 88. Bg8 {[%clk 0:01:05]} Re7
{[%clk 0:07:35]} 89. Bd5 {[%clk 0:01:17]} Rg7 {[%clk 0:07:54]} 90. Be6
{[%clk 0:01:12]} Rg1 {[%clk 0:07:39]} 91. Bf7 {[%clk 0:00:58]} Rd1+
{[%clk 0:07:50]} 92. Ke4 {[%clk 0:01:10]} Kc3 {[%clk 0:08:19]} 93. d5
{[%clk 0:01:04]} Kc4 {[%clk 0:08:19]} 94. Ke5 {[%clk 0:01:04]} Kc5
{[%clk 0:08:35]} 95. Be6 {[%clk 0:00:41]} Rg1 {[%clk 0:08:34]} 96. Kf6
{[%clk 0:00:40]} Kd6 {[%clk 0:08:49]} 97. Kf5 {[%clk 0:01:03]} Ra1
{[%clk 0:08:02]} 98. Bg8 {[%clk 0:01:20]} Ra4 {[%clk 0:07:24]} 99. Be6
{[%clk 0:01:39]} Ra8 {[%clk 0:07:34]} 100. Ke4 {[%clk 0:02:04]} Rf8
{[%clk 0:07:50]} 101. Bh3 {[%clk 0:02:17]} Rh8 {[%clk 0:07:47]} 102. Be6
{[%clk 0:02:39]} Rh5 {[%clk 0:07:54]} 103. Kf4 {[%clk 0:02:54]} Rh4+
{[%clk 0:07:29]} 104. Kf5 {[%clk 0:03:12]} Rd4 {[%clk 0:07:28]} 105. Bg8
{[%clk 0:03:28]} Rd2 {[%clk 0:07:47]} 106. Be6 {[%clk 0:03:47]} Re2
{[%clk 0:08:10]} 107. Bg8 {[%clk 0:03:45]} Rf2+ {[%clk 0:08:26]} 108. Ke4
{[%clk 0:04:09]} Ke7 {[%clk 0:08:12]} 109. Ke5 {[%clk 0:04:04]} Rd2
{[%clk 0:08:34]} 110. Be6 {[%clk 0:03:23]} Rxd5+ {[%clk 0:08:57]} 1/2-1/2

[Event "Copenhagen Chess Challenge 2"]
[Site "?"]
[Date "2015.04.30"]
[Round "3.11"]
[White "Moe, Mogens"]
[Black "Ranaldi, Lucas"]
[Result "1/2-1/2"]
[BlackElo "2019"]
[WhiteElo "2151"]
[LiveChessVersion "1.4.6"]

1. e4 {[%clk 1:30:59]} c5 {[%clk 1:30:52]} 2. Nf3 {[%clk 1:31:23]} g6
{[%clk 1:31:04]} 3. d4 {[%clk 1:31:23]} cxd4 {[%clk 1:31:26]} 4. Nxd4
{[%clk 1:31:48]} Nc6 {[%clk 1:31:25]} 5. c4 {[%clk 1:31:40]} Bg7 {[%clk 1:30:35]}
6. Be3 {[%clk 1:32:00]} Nf6 {[%clk 1:30:57]} 7. Nc3 {[%clk 1:32:17]} Ng4
{[%clk 1:30:04]} 8. Qxg4 {[%clk 1:32:29]} Nxd4 {[%clk 1:30:28]} 9. Qd1
{[%clk 1:32:47]} Ne6 {[%clk 1:30:47]} 10. Qd2 {[%clk 1:32:15]} Qa5
{[%clk 1:31:08]} 11. Rc1 {[%clk 1:31:16]} b6 {[%clk 1:31:21]} 12. Be2
{[%clk 1:24:47]} Bb7 {[%clk 1:29:43]} 13. f3 {[%clk 1:25:08]} d6 {[%clk 1:29:08]}
14. O-O {[%clk 1:24:07]} g5 {[%clk 1:28:55]} 15. Rfd1 {[%clk 1:18:41]} h5
{[%clk 1:24:08]} 16. Nd5 {[%clk 1:03:56]} Qxd2 {[%clk 1:22:53]} 17. Rxd2
{[%clk 1:04:17]} Rc8 {[%clk 1:20:59]} 18. b4 {[%clk 1:01:24]} Be5
{[%clk 1:15:57]} 19. g3 {[%clk 0:51:29]} h4 {[%clk 1:14:05]} 20. Kg2
{[%clk 0:51:37]} Rg8 {[%clk 0:59:52]} 21. Kf2 {[%clk 0:49:56]} Rh8
{[%clk 0:54:06]} 22. Rg1 {[%clk 0:42:14]} hxg3+ {[%clk 0:52:11]} 23. hxg3
{[%clk 0:42:35]} Rh2+ {[%clk 0:52:18]} 24. Rg2 {[%clk 0:42:50]} Rh1
{[%clk 0:51:32]} 25. Bf1 {[%clk 0:42:20]} Kd7 {[%clk 0:35:16]} 26. a4
{[%clk 0:40:46]} Rch8 {[%clk 0:31:11]} 27. c5 {[%clk 0:35:16]} bxc5
{[%clk 0:30:13]} 28. bxc5 {[%clk 0:35:29]} Bxd5 {[%clk 0:26:54]} 29. Rxd5
{[%clk 0:25:55]} R8h3 {[%clk 0:17:59]} 30. Bb5+ {[%clk 0:25:02]} Kc7
{[%clk 0:17:32]} 31. cxd6+ {[%clk 0:23:11]} exd6 {[%clk 0:17:01]} 32. Bxa7
{[%clk 0:19:17]} R1h2 {[%clk 0:14:46]} 33. Rxh2 {[%clk 0:19:30]} Bxg3+
{[%clk 0:10:23]} 34. Kf1 {[%clk 0:18:03]} Bxh2 {[%clk 0:08:09]} 35. Rf5
{[%clk 0:17:26]} Rh7 {[%clk 0:06:36]} 36. a5 {[%clk 0:17:10]} Be5
{[%clk 0:06:20]} 37. Bb6+ {[%clk 0:15:26]} Kb7 {[%clk 0:06:15]} 38. Bc4
{[%clk 0:14:04]} Rg7 {[%clk 0:00:46]} 39. Bd5+ {[%clk 0:03:28]} Ka6
{[%clk 0:01:06]} 40. Bc4+ {[%clk 0:03:49]} Kb7 {[%clk 0:01:32]} 41. Be3
{[%clk 0:03:12]} Bd4 {[%clk 0:00:46]} 42. Bxe6 {[%clk 0:03:28]} Bxe3
{[%clk 0:01:07]} 43. Bxf7 {[%clk 0:03:48]} Bc5 {[%clk 0:00:59]} 44. Bc4
{[%clk 0:04:04]} Kc6 {[%clk 0:00:48]} 45. Kg2 {[%clk 0:04:26]} Ra7
{[%clk 0:00:44]} 46. a6 {[%clk 0:04:49]} Rg7 {[%clk 0:01:05]} 47. Kg3
{[%clk 0:05:11]} Be3 {[%clk 0:01:19]} 48. Kg4 {[%clk 0:05:33]} Bf4
{[%clk 0:01:34]} 49. Rf8 {[%clk 0:05:34]} Kb6 {[%clk 0:01:21]} 50. Rb8+
{[%clk 0:05:45]} Ka7 {[%clk 0:01:39]} 51. Rc8 {[%clk 0:05:58]} Rh7
{[%clk 0:01:48]} 52. Kf5 {[%clk 0:06:12]} Re7 {[%clk 0:02:01]} 53. Kf6
{[%clk 0:06:31]} Rd7 {[%clk 0:01:57]} 54. Bb5 {[%clk 0:06:44]} Rh7
{[%clk 0:02:14]} 55. Rc2 {[%clk 0:05:45]} Kb6 {[%clk 0:02:21]} 56. Be2
{[%clk 0:06:03]} Ka7 {[%clk 0:02:01]} 57. Rc6 {[%clk 0:06:08]} Rd7
{[%clk 0:01:44]} 1/2-1/2

[Event "Copenhagen Chess Challenge 2"]
[Site "?"]
[Date "2015.04.30"]
[Round "3.12"]
[White "Eriksson, Christian Altenburg"]
[Black "Skovgaard, Ib"]
[Result "1/2-1/2"]
[BlackElo "2006"]
[WhiteElo "2137"]
[LiveChessVersion "1.4.6"]

1. e4 {[%clk 1:30:56]} Nf6 {[%clk 1:31:10]} 2. e5 {[%clk 1:31:08]} Nd5
{[%clk 1:31:33]} 3. d4 {[%clk 1:31:22]} d6 {[%clk 1:31:59]} 4. Nf3
{[%clk 1:31:30]} g6 {[%clk 1:32:12]} 5. Bc4 {[%clk 1:30:48]} dxe5
{[%clk 1:32:07]} 6. Nxe5 {[%clk 1:30:37]} Be6 {[%clk 1:32:11]} 7. O-O
{[%clk 1:28:42]} Bg7 {[%clk 1:30:45]} 8. Qe2 {[%clk 1:26:26]} O-O
{[%clk 1:28:47]} 9. Bb3 {[%clk 1:22:28]} c6 {[%clk 1:17:28]} 10. Re1
{[%clk 1:16:09]} Nd7 {[%clk 1:14:34]} 11. Nf3 {[%clk 1:15:36]} Bg4
{[%clk 1:07:39]} 12. c3 {[%clk 0:42:26]} e5 {[%clk 0:54:35]} 13. h3
{[%clk 0:38:25]} Bxf3 {[%clk 0:51:42]} 14. Qxf3 {[%clk 0:38:49]} exd4
{[%clk 0:50:18]} 15. Bxd5 {[%clk 0:37:53]} cxd5 {[%clk 0:47:08]} 1/2-1/2

[Event "Copenhagen Chess Challenge 2"]
[Site "?"]
[Date "2015.04.30"]
[Round "3.13"]
[White "Dijkhuis, Sven"]
[Black "Tandrup, Michael"]
[Result "1-0"]
[BlackElo "1963"]
[WhiteElo "2118"]
[LiveChessVersion "1.4.6"]

1. e4 {[%clk 1:30:56]} e6 {[%clk 1:30:38]} 2. d4 {[%clk 1:31:18]} d5
{[%clk 1:31:00]} 3. Nd2 {[%clk 1:31:44]} dxe4 {[%clk 1:31:10]} 4. Nxe4
{[%clk 1:32:09]} Bd7 {[%clk 1:29:29]} 5. Nf3 {[%clk 1:32:09]} Bc6
{[%clk 1:29:30]} 6. Bd3 {[%clk 1:32:03]} Nd7 {[%clk 1:29:49]} 7. O-O
{[%clk 1:31:51]} Ngf6 {[%clk 1:29:59]} 8. Ng3 {[%clk 1:27:42]} Bxf3
{[%clk 1:27:49]} 9. Qxf3 {[%clk 1:26:07]} c6 {[%clk 1:28:06]} 10. b3
{[%clk 1:22:03]} Be7 {[%clk 1:27:47]} 11. Bb2 {[%clk 1:22:24]} O-O
{[%clk 1:27:03]} 12. c4 {[%clk 1:20:50]} Qc7 {[%clk 1:20:00]} 13. Rfd1
{[%clk 1:19:05]} Rad8 {[%clk 1:15:54]} 14. Rac1 {[%clk 1:17:10]} Qb8
{[%clk 1:09:27]} 15. Bb1 {[%clk 1:10:27]} Rfe8 {[%clk 1:03:14]} 16. h3
{[%clk 1:05:42]} Nf8 {[%clk 0:59:41]} 17. Re1 {[%clk 1:01:36]} N8d7
{[%clk 0:49:11]} 18. Rcd1 {[%clk 0:59:21]} Bb4 {[%clk 0:47:12]} 19. Re3
{[%clk 0:57:02]} c5 {[%clk 0:45:48]} 20. Nh5 {[%clk 0:52:37]} Nxh5
{[%clk 0:42:39]} 21. Qxh5 {[%clk 0:52:58]} g6 {[%clk 0:41:28]} 22. Qf3
{[%clk 0:46:02]} cxd4 {[%clk 0:37:58]} 23. Bxd4 {[%clk 0:46:28]} Bc5
{[%clk 0:35:41]} 24. Red3 {[%clk 0:44:47]} Bxd4 {[%clk 0:33:25]} 25. Rxd4
{[%clk 0:45:11]} Ne5 {[%clk 0:31:04]} 26. Qf6 {[%clk 0:44:29]} Rxd4
{[%clk 0:25:17]} 27. Rxd4 {[%clk 0:44:51]} Qc7 {[%clk 0:19:12]} 28. Be4
{[%clk 0:42:00]} Nc6 {[%clk 0:18:31]} 29. Bxc6 {[%clk 0:41:32]} Qxc6
{[%clk 0:18:19]} 30. h4 {[%clk 0:39:51]} h5 {[%clk 0:12:29]} 31. Qe5
{[%clk 0:37:17]} Qa6 {[%clk 0:11:30]} 32. Rd2 {[%clk 0:36:39]} Qa3
{[%clk 0:11:32]} 33. Qc3 {[%clk 0:34:43]} Qe7 {[%clk 0:11:21]} 34. Qd4
{[%clk 0:33:47]} Qa3 {[%clk 0:10:14]} 35. g3 {[%clk 0:33:47]} a6 {[%clk 0:08:09]}
36. Kg2 {[%clk 0:33:31]} Qe7 {[%clk 0:07:46]} 37. Qb6 {[%clk 0:32:13]} Rc8
{[%clk 0:07:28]} 38. Rd6 {[%clk 0:31:29]} Qc7 {[%clk 0:05:06]} 39. Qd4
{[%clk 0:31:30]} Rf8 {[%clk 0:03:44]} 40. Kh2 {[%clk 0:30:25]} Qa5
{[%clk 0:03:31]} 41. Rb6 {[%clk 0:26:28]} e5 {[%clk 0:01:14]} 42. Qe3
{[%clk 0:26:45]} Rd8 {[%clk 0:00:53]} 43. Rxb7 {[%clk 0:26:09]} Qxa2
{[%clk 0:01:14]} 44. Qf3 {[%clk 0:25:50]} Rf8 {[%clk 0:01:30]} 45. Kg2
{[%clk 0:25:57]} Qc2 {[%clk 0:01:11]} 46. Qe3 {[%clk 0:24:33]} Re8
{[%clk 0:01:09]} 47. Ra7 {[%clk 0:23:43]} Rb8 {[%clk 0:00:38]} 48. Qf3
{[%clk 0:22:00]} Qf5 {[%clk 0:00:36]} 49. Qxf5 {[%clk 0:20:56]} gxf5
{[%clk 0:01:05]} 50. Rxa6 {[%clk 0:21:18]} Rxb3 {[%clk 0:01:15]} 51. Rf6
{[%clk 0:21:19]} f4 {[%clk 0:01:04]} 52. gxf4 {[%clk 0:21:18]} Rc3
{[%clk 0:00:41]} 53. fxe5 {[%clk 0:21:09]} Rxc4 {[%clk 0:01:09]} 54. Kh3
{[%clk 0:19:44]} Kg7 {[%clk 0:01:23]} 55. f3 {[%clk 0:19:35]} Rc5
{[%clk 0:01:32]} 56. Rf5 {[%clk 0:19:53]} Kg6 {[%clk 0:01:51]} 57. Rg5+
{[%clk 0:20:17]} Kh6 {[%clk 0:02:03]} 58. Kg3 {[%clk 0:20:05]} Rc4
{[%clk 0:02:16]} 59. Rf5 {[%clk 0:19:39]} Kg6 {[%clk 0:02:36]} 60. Rf6+
{[%clk 0:19:39]} Kg7 {[%clk 0:02:53]} 61. Rf4 {[%clk 0:20:03]} Rc5
{[%clk 0:02:44]} 62. Re4 {[%clk 0:20:09]} Kg6 {[%clk 0:02:55]} 63. Kf4
{[%clk 0:18:49]} Rc6 {[%clk 0:01:11]} 64. Rd4 {[%clk 0:18:13]} Rc3
{[%clk 0:01:08]} 65. Rd6+ {[%clk 0:16:31]} Kg7 {[%clk 0:01:22]} 66. Rf6
{[%clk 0:16:23]} Ra3 {[%clk 0:01:03]} 67. Kg5 {[%clk 0:16:37]} Ra5
{[%clk 0:00:43]} 68. f4 1-0